00422cam a22001337a 4500008004000000082001400040100001600054245008200070260004300152300001000195650002300205650003900228650002100267180718b1999 xxu||||| |||| 00| 0 eng d aL2x54 J78 aJoshi, S.K. aHow to compute your salary income: assessment year, 2000 -2001cby S.K. Joshi aDelhibDirectorate of Income Taxc1999 a154p. aIncome tax - India aOfficials and employees - Salaries aTaxation - India